000 00463nam a22001457a 4500
005 20240401025057.0
008 240401b |||||||| |||| 00| 0 eng d
082 _222
_a320.54
_bNAT.
100 _aIgnatieff, Michael.
245 _aNationalism and self-determination :
_bIs there an alternative to violence? /
_cMichael ignatieff.
260 _aSri Lanka :
_bInternational center for ethnic studies /
_c2000.
300 _a16 p.,
650 _aPolitical.
942 _cL
999 _c5868
_d5868